| 000 | 00737nam a2200217 a 4500 | ||
|---|---|---|---|
| 999 |
_c467 _d467 |
||
| 003 | BD-JhCC | ||
| 005 | 20200329134007.0 | ||
| 008 | 171005s2004 bd |||| |||| 000 0 ben d | ||
| 020 | _a984422038X | ||
| 035 | _a(BD-JhCC) | ||
| 040 |
_aBD-JhCC _dBD-JhCC |
||
| 041 | _aben | ||
| 082 |
_a891.443 _bIQB 2004 |
||
| 100 | _aইকবাল, মুহম্মদ জাফর | ||
| 245 |
_aএখনো স্বপ্ন দেখায় / _cমুহম্মদ জাফর ইকবাল |
||
| 260 |
_aঢাকা; _bবিদ্যা প্রকাশ _c২০০৪ |
||
| 300 |
_a১৩৬ পৃ.; _c২২ সে. মি. |
||
| 650 | _aBengali Novel | ||
| 942 |
_2ddc _cBK _03 |
||